[Event "Medellin Aristizabal Cup"]
[Site "Medellin"]
[Date "2022.07.08"]
[Round "1"]
[White "Loaiza Cuervo, Santiago"]
[Black "Bohorquez Castaneda, Matias"]
[Result "1-0"]
[WhiteElo "1880"]
[BlackElo "1327"]
[PlyCount "43"]
[EventDate "2022.07.08"]
[EventType "swiss"]
[EventRounds "7"]
[EventCountry "COL"]
[SourceTitle "CBM 209 Extra"]
[Source "ChessBase"]
[SourceDate "2022.09.30"]
[SourceVersion "1"]
[SourceVersionDate "2022.09.30"]
[SourceQuality "1"]

1. e4 e5 2. Nf3 Nc6 3. Bb5 a6 4. Ba4 Nf6 5. 0-0 Be7 6. Re1 b5 7. Bb3 0-0 8. a4 b4 9. a5 d6 10. d3 Nb8 11. c3 bxc3 12. Nxc3 c5 13. Nd2 h6 14. Nc4 Nbd7 15. Ne3 Re8 16. Bc4 Rb8 17. Qa4 Nf8 18. Ncd5 Nxd5 19. Nxd5 Ne6 20. Nb6 Nd4 21. Be3 Qc7 22. Qxe8+ 1-0